000 00722 a2200229 4500
005 20260327170053.0
008 260327b |||||||| |||| 00| 0 eng d
020 _a9789390887606 (hbk)
037 _cTB
040 _aCRL
_cCRL
041 _2URD
_aURD
084 _aO168,3NPA,KK R1
_bCRL
100 _aNazia Parveen
_91115675
245 _aKhas-o-khashak zamane:
_bfikri-o-funi jehat
260 _aLucknow, India:
_bMatterlink Publishers,
_c2021.
300 _a191p.
365 _b500.00
_cINR
650 _aUrdu Literature
650 _aUrdu Fiction
942 _cTB
_2CC
_hO168,3NPA,KK R1
999 _c1679591
_d1679591